000 00697nam a22002295i 4500
001 13165
003 ES-MaACL
005 20250905141803.0
007 t|
008 950201s1982 sp ||||0| glg
020 _a84-7492-122-8
080 _a783(460.11)
245 0 0 _aPolifonía sacra galega /
_c[selección y prólogo] Joám Trillo e Carlos Villanueva.
260 _aSada, A Coruña :
_bEdic. do Castro,
_c[1982]
300 _a1 v . ;
_c27 cm.
546 _aTexto en gallego y castellano.
650 4 _aMúsica sagrada-
_zGalicia.
_915420
700 1 _aTrillo, Joám.
_9111431
700 1 _aVillanueva, Carlos,
_d1949-
_9115016
852 4 _aES-MaACL
_jL-20468
999 _c13165
_d13165